00485nam a2200169Ia 4500008004100000020001800041041000800059082001300067100003200080245006900112250001200181260005100193300000900244500001800253650001200271700003200283230125s9999 xx 000 0 und d a1-58279-080-9 aeng a031bTPI aTrident Press International aThe 21st Century Websters Pocket Encyclopedia bVol. I to Vol. X a1st Ed. c2000bTrident Press International Pub.aU.S.A. a266p aencyclopaedia aGeneral aTrident Press International